Valencia Goalkeeper By Year - Statistics

General Stats
  • This quiz has been taken 199 times
    48 since last reset
  • The average score is 22 of 75
Answer Stats
Season Goalkeeper % Correct
2024-25 Giorgi Mamardashvili
88%
2023-24 Giorgi Mamardashvili
88%
2022-23 Giorgi Mamardashvili
88%
2021-22 Giorgi Mamardashvili
88%
2006-07 Santiago Cañizares
69%
2005-06 Santiago Cañizares
69%
2004-05 Santiago Cañizares
69%
2003-04 Santiago Cañizares
69%
2002-03 Santiago Cañizares
69%
2001-02 Santiago Cañizares
69%
2000-01 Santiago Cañizares
69%
1999-00 Santiago Cañizares
69%
1998-99 Santiago Cañizares
69%
2016-17 Diego Alves
60%
2014-15 Diego Alves
60%
2013-14 Diego Alves
60%
2012-13 Diego Alves
60%
2018-19 Neto
52%
2017-18 Neto
52%
2019-20 Jasper Cillessen
50%
2020-21 Jaume Doménech
40%
2015-16 Jaume Doménech
40%
2009-10 César Sánchez
31%
1997-98 Andoni Zubizarreta
29%
1996-97 Andoni Zubizarreta
29%
1995-96 Andoni Zubizarreta
29%
1994-95 Andoni Zubizarreta
29%
2011-12 Vicente Guaita
29%
2010-11 Vicente Guaita
29%
2007-08 Timo Hildebrand
21%
1990-91 José Manuel Ochotorena
17%
1989-90 José Manuel Ochotorena
17%
1988-89 José Manuel Ochotorena
17%
1993-94 José Manuel Sempere
14%
1992-93 José Manuel Sempere
14%
1991-92 José Manuel Sempere
14%
1987-88 José Manuel Sempere
14%
1985-86 José Manuel Sempere
14%
1984-85 José Manuel Sempere
14%
1983-84 José Manuel Sempere
14%
1981-82 José Manuel Sempere
14%
1980-81 José Manuel Sempere
14%
1953-54 Quique Martín
14%
1952-53 Quique Martín
14%
1951-52 Quique Martín
14%
2008-09 Renan
14%
1979-80 Carlos Santiago Pereira
12%
1978-79 José Luis Manzanedo
12%
1977-78 José Luis Manzanedo
12%
1969-70 José Manuel Pesudo
12%
1968-69 José Manuel Pesudo
12%
1966-67 José Manuel Pesudo
12%
1960-61 José Manuel Pesudo
12%
1959-60 José Manuel Pesudo
12%
1965-66 Ricardo Zamora
12%
1964-65 Ricardo Zamora
12%
1963-64 Ricardo Zamora
12%
1962-63 Ricardo Zamora
12%
1970-71 Ángel Abelardo
10%
1967-68 Ángel Abelardo
10%
1950-51 Antonio Pérez
10%
1961-62 Goyo
10%
1958-59 Goyo
10%
1957-58 Goyo
10%
1956-57 Goyo
10%
1973-74 Juan Luis Meléndez
10%
1971-72 Juan Luis Meléndez
10%
1987-88 Antonio García
7%
1955-56 Antonio Timor
7%
1954-55 Antonio Timor
7%
1976-77 José Balaguer
7%
1975-76 José Balaguer
7%
1974-75 José Balaguer
7%
1972-73 José Balaguer
7%
1982-83 José Ramón Bermell
7%
No matching quizzes found
Score Distribution
Percent of People with Each Score
Percentile by Number Answered
Your Score History
You have not taken this quiz since the last reset